Politická ekonomie

Guardado en:
Detalles Bibliográficos
Formato: Seriadas
Lenguaje:checo
Publicado: Praha ČSAV 1962
Etiquetas: Agregar Etiqueta
Sin Etiquetas, Sea el primero en etiquetar este registro!

MARC

LEADER 00000nas2a2200000 4500
001 0012024
005 20250730114307.0
041 0 |a cze 
044 |a CZ 
245 1 0 |a Politická ekonomie 
264 1 |a Praha  |b ČSAV  |c 1962 
300 |a 1 zv. 
773 0 |w eu_un_cat*s120013